Statistics for Avatar the Last Airbender Quiz

Click here to take the quiz!

General Stats

  • This quiz has been taken 1,966 times
  • The average score is 20 of 26

Answer Stats

HintAnswer% Correct
The last airbenderAvatar Aang
100%
The person who found him in the icebergKatara
99%
^ Her BrotherSokka
99%
The avatar's loyal sky bisonAppa
98%
The last winged LemurMomo
97%
The blind banditToph Beifong
97%
Princess of the fire nationAzula
96%
The Fire Lord/Phoenix KingOzai
93%
Leader of the Kyoshi WarriorsSuki
93%
Dragon of the west/ Grand LotusGeneral Iroh
92%
Also known as the Blue spiritZuko
90%
Daughter of the governor of "New Ozai"Mai
88%
Cheerful and energetic girl who joined the fire nation circusTy lee
88%
King of OmashuKing Bumi
86%
Moon spiritPrincess Yue
83%
The Avatar before the last airbenderAvatar Roku
80%
Capital of the Earth kingdomBa Sing Se
76%
The Fire Lord's wifeUrsa
69%
Leader of the Southern watertribeChief Hakoda
68%
Northern Tribe water bending masterMaster Pakku
67%
Game played by the members of the White LotusPai Sho
64%
Secret elite police of the capital cityDai Li
62%
The DeserterMaster Jeong Jeong
43%
Fire nation bladesmith, swordmaster, calligrapher and SifuMaster Piandao
41%
The Earth King's animal companionBosco
39%
Earth KingKing Kuei
27%

Score Distribution

Percentile by Number Answered

Percent of People with Each Score

Your Score History

You have not taken this quiz